| 000 | 00719nam a22002057a 4500 | ||
|---|---|---|---|
| 999 |
_c15785 _d15785 |
||
| 003 | AR-CdUCM | ||
| 008 | 190430b ||||| |||| 00| 0 spa d | ||
| 040 |
_aMUNICIPALIDAD PROVINCIAL DEL CUSCO _cBIBLIOTECA MUNICIPAL DEL CUSCO |
||
| 082 |
_aC / 780.930 / _bL14 |
||
| 100 |
_aLachmann, Robert _934989 |
||
| 245 | _aMúsica de oriente / | ||
| 260 |
_aBarcelona : _bLabor, _c1931. |
||
| 300 |
_a191 + 8 páginas ; _bfotografías. _c18 cm. |
||
| 440 |
_aColección Labor _n5 _934990 |
||
| 505 | _aRelaciones sonoras en el canto -- Entonación de los instrumentos -- Escalas usuales -- La forma de la melodía... | ||
| 650 |
_aMúsica. _91443 |
||
| 650 |
_aMúsica oriental. _934991 |
||
| 942 |
_2ddc _cLIBROS |
||
| 945 | _awfj | ||